| 000 | 00722nam a2200205 i 4500 | ||
|---|---|---|---|
| 001 | 70973 | ||
| 003 | ES-MaACL | ||
| 005 | 20250928144830.0 | ||
| 007 | t| | ||
| 008 | 040804s1977 sp ||||1| spa d | ||
| 020 | _a84-7231-357-3 | ||
| 100 | 1 |
_aGasco Sidro, Antonio J. _955845 |
|
| 245 | 1 | 0 |
_aAdsuara, el hombre y el artista / _cpor Antonio J. Gascó Sidro ; prólogo por Felipe Mª Garín Ortiz de Taranco. |
| 260 |
_aCastellón de la Plana : _b[Caja de Ahorros y Monte de Piedad, _c1977] |
||
| 300 |
_a106 p., 23 lám. ; _c25 cm. |
||
| 600 | 1 | 4 |
_aAdsuara Ramos, Juan, _d1891-1973 _9172827 |
| 700 | 1 |
_aGarín Ortiz de Taranco, Felipe María. _955562 |
|
| 852 |
_aES-MaACL _jA-7744 |
||
| 999 |
_c70973 _d70973 |
||